Score 0/17 Timer 03:00
1 Play Today
% Correct
Yellow
92.4%
Red
91.9%
Yellow
89%
Red
88.6%
Blue
86%
Yellow
86%
Green
85.9%
Red
85.7%
Yellow
85.2%
% Correct
Green
84.9%
Yellow
84.6%
Green
83.8%
Blue
81.8%
Blue
81.2%
Green
80.6%
Blue
77.4%
Red
73.6%
Remove Ads.
Support Sporcle.
Get the best of Sporcle when you Go Orange. This ad-free experience offers more features, more stats, and more fun while also helping to support Sporcle. Thank you for becoming a member.

You're not logged in!

Compare scores with friends on all Sporcle quizzes.
OR
Log In

Show Comments

Extras

Top Quizzes Today


Score Distribution

Your Account Isn't Verified!

In order to create a playlist on Sporcle, you need to verify the email address you used during registration. Go to your Sporcle Settings to finish the process.

Report this User

Report this user for behavior that violates our Community Guidelines.

Details: